000 00213nam a22001097a 4500
999 _c65080
_d65077
082 _a297.02AHM
100 _aAhmed
245 _aMuhaammad The prophet of Islam
260 _aLahore
300 _a127p
942 _cBK